zpět

Detail výsledku týmu

Hasičárna U Hynečků, Brušperk

Datum a čas kvízu

27 Celkem bodů Celkový počet nahraných bodů na tomto kvízu bez doplňovacích otázek.
5. Pořadí na kvízu Konečné umístění týmu na tomto kvízu.

Zaznamenané odpovědi

# Otázka Odpověď Body Výsledky
1. V posledních týdnech se do Čes... spalničky 0
2. Záchranáři v úterý ráno pomocí... Rakousko, Grossglockner 0.5
3. Jak se nazývá kapela, kterou p... 4TET 1
4. Která automobilka získala s je... Mercedes 0
5. V pondělí došlo ve španělské f... strčil hráči prst do zadku 1
6. Vítězné téma facebookového hla... 1D 2A 3C 4B 0
7. Dne 18. dubna 1997 byli odsouz... Orličtí vrazi 0
8. Devadesátkovou klasikou je fil... Fuck Off Guys Good Day 0
9. Kolik tlačítek má na své předn... tři 1
10. Ke kterému městu se v souvislo... Vsetín 1